Clic Homophones Ça, sa et çà - Statistiques

Statistiques générales
  • Ce quiz a été pris 192 fois
  • Le résultat moyen est 8 sur 10
Statistiques - réponses
Hint Réponse % Correct
Il a pris *** moto pour se rendre au travail sa
99%
Je n'aime pas la glace de ma mère, je préfère *** tarte sa
97%
Donne-moi *** ! ça
96%
*** ne me regarde pas. ça
93%
*** fille est considérée comme la plus belle du pays sa
93%
La pluie, il ne manquait plus que *** ! ça
91%
À qui sont les papiers éparpillés *** et là sur ce bureau ? çà
91%
Les feuilles mortes tombaient *** et là çà
86%
Partir 15 jours en vacances en ce moment, ***, ton patron ne l'acceptera jamais ! ça
76%
Ah *** ! Quelle surprise ! çà
6%
Aucun quiz correspondant
Distribution des résultats
% des personnes avec chaque résultat
Percentile par nombre de réponses
Votre historique - résultats
Vous n’avez pas pris ce quiz